Las estrellas del Ateneo (Record no. 179310)

MARC details
000 -LEADER
campo de control de longitud fija 01858nam a2200349 i 4500
001 - NÚMERO DE CONTROL
campo de control 179310
003 - IDENTIFICADOR DE NÚMERO DE CONTROL
campo de control ES-MaACL
005 - FECHA Y HORA DE LA ÚLTIMA TRANSACCIÓN
campo de control 20260423184300.0
008 - DATOS DE LONGITUD FIJA--INFORMACIÓN GENERAL
campo de control de longitud fija 111025s2010 sp acop |||| |dspa d
020 ## - NÚMERO INTERNACIONAL ESTÁNDAR DEL LIBRO
Número Internacional Estándar del Libro 978-84-936415-6-6
080 ## - NÚMERO DE LA CLASIFICACIÓN DECIMAL UNIVERSAL
Número de la Clasificación Decimal Universal 061.22(460.27 M.)(091)(060.64)
080 ## - NÚMERO DE LA CLASIFICACIÓN DECIMAL UNIVERSAL
Número de la Clasificación Decimal Universal 061.236.6(460.27 M.):7(060.64)
245 04 - MENCIÓN DEL TÍTULO
Título Las estrellas del Ateneo
Resto del título : exposición, Ateneo de Madrid, diciembre 2010 /
Mención de responsabilidad, etc. artículos, Clara Herrera Tejada, María Olivera Zaldua ; estudios históricos, Fernando Sígler Silvera, María Zozaya Montes.
250 ## - MENCION DE EDICION
Mención de edición 1ª ed.
260 ## - PUBLICACIÓN, DISTRIBUCIÓN, ETC.
Lugar de publicación, distribución, etc. Madrid :
Nombre del editor, distribuidor, etc. Ateneo Científico, Literario y Artístico,
Fecha de publicación, distribución, etc. 2010.
300 ## - DESCRIPCIÓN FÍSICA
Extensión 119 p. :
Otras características físicas il., fot. ;
Dimensiones 24 cm.
504 ## - NOTA DE BIBLIOGRAFÍA, ETC.
Nota de bibliografía, etc. Referencias bibliográficas.
505 8# - NOTA DE CONTENIDO CON FORMATO
Nota de contenido con formato Contiene: ;
Título Las estrellas del Ateneo en 1952: el rastro de los documentos /
Mención de responsabilidad Clara Herrera Tejada. --
Título La fotografía, una (otra) forma de mostrar la historia /
Mención de responsabilidad María Olivera Zaldua. --
Título El franquismo contra la simbología del Ateneo : la obsesión antimasónica de los católicos intransigentes del régimen /
Mención de responsabilidad Fernando Sígler Silvera. --
Título El techo de la perfección : las pinturas del Ateneo de Arturo Mélida /
Mención de responsabilidad María Zozaya Montes
610 27 - PUNTO DE ACCESO ADICIONAL DE MATERIA--NOMBRE DE ENTIDAD CORPORATIVA
Nombre de entidad corporativa o nombre de jurisdicción como elemento de entrada Ateneo de Madrid-
Subdivisión de forma Historia-
-- Exposiciones.
9 (RLIN) 148407
610 24 - PUNTO DE ACCESO ADICIONAL DE MATERIA--NOMBRE DE ENTIDAD CORPORATIVA
Nombre de entidad corporativa o nombre de jurisdicción como elemento de entrada Ateneo de Madrid-
Subdivisión de forma Exposiciones-
Subdivisión cronológica 2010-2019.
9 (RLIN) 144911
650 27 - PUNTO DE ACCESO ADICIONAL DE MATERIA--TÉRMINO DE MATERIA
Término de materia o nombre geográfico como elemento de entrada Masonería y arte
Fuente del encabezamiento o término embne
9 (RLIN) 148410
655 #7 - TERMINO DE INDIZACIÓN--GENERO/FORMA
Fuente del término tgfbne
9 (RLIN) 193628
Datos o término principal de género/forma Catálogos de exposiciones
700 1# - ENTRADA AGREGADA--NOMBRE PERSONAL
Nombre de persona Herrera Tejada, Clara.
9 (RLIN) 63245
700 1# - ENTRADA AGREGADA--NOMBRE PERSONAL
Nombre de persona Olivera Zaldua, María
9 (RLIN) 143667
700 1# - ENTRADA AGREGADA--NOMBRE PERSONAL
Nombre de persona Sígler Silvera, Fernando.
9 (RLIN) 138858
700 1# - ENTRADA AGREGADA--NOMBRE PERSONAL
Nombre de persona Zozaya Montes, María.
9 (RLIN) 137745
710 2# - ENTRADA AGREGADA--NOMBRE DE ENTIDAD CORPORATIVA
Nombre de entidad corporativa o nombre de jurisdicción como elemento de entrada Ateneo de Madrid.
9 (RLIN) 1875
852 ## - LOCALIZACIÓN
Ubicación ES-MaACL
itemnumber 186196
Sublocalización o colección R.146654
Número de control de estantería A-11673
Signatura antigua Olim: N-4678
Ubicación en estantería Depósito 1
852 ## - LOCALIZACIÓN
Ubicación ES-MaACL
itemnumber 186195
Sublocalización o colección R.146654
Número de control de estantería A-11674/Ej.1
Signatura antigua Olim: N-4679
Ubicación en estantería Depósito 1
942 ## - ELEMENTOS DE ENTRADA SECUNDARIOS (KOHA)
Fuente del sistema de clasificación o colocación Clasificación decimal universal
Holdings
Estatus retirado Estado de pérdida Fuente del sistema de clasificación o colocación Estado de daño Restricciones de uso No para préstamo Biblioteca de origen Biblioteca actual Ubicación en estantería Fecha de adquisición Fuente de adquisición Total de préstamos Signatura topográfica completa Código de barras Visto por última vez Precio de reemplazo Tipo de ítem Koha Colección
    Clasificación decimal universal   Duplicado   Biblioteca del Ateneo de Madrid Biblioteca del Ateneo de Madrid Depósito 1 25/10/2011 Donación   A-11674/Ej.1 1188368 23/02/2023 23/02/2023 Libro impreso  
    Clasificación decimal universal       Biblioteca del Ateneo de Madrid Biblioteca del Ateneo de Madrid Depósito 1 25/10/2011 Donación   A-11673 1188367 23/02/2023 23/02/2023 Libro impreso Exposiciones en el Ateneo
    Clasificación decimal universal       Biblioteca del Ateneo de Madrid Biblioteca del Ateneo de Madrid Despachos-biblioteca 20/04/2026 Donación   DB-132 2026-0214 21/04/2026 21/04/2026 Libro impreso Exposiciones en el Ateneo